000 00494nam a2200193 i 4500
001 C2-0304406
003 PPAK
005 20180728085454.0
008 100520s xx |||| ||||| | eng d
040 _aPPAK
_beng
_cPPAK
_erda
082 0 4 _a895.1
_223
090 0 0 _a895.1
_bCER
_dKIH
245 0 0 _aCertain problem of modern chinese writing
300 _a30 pages ;
_c28 cm
336 _2rdacontent
_atext
337 _2rdamedia
_aunmediated
338 _2rdacarrier
_avolume
942 _ddc
_cB
999 _c107541
_d107541